Vista normal
Vista MARC
Entrada Nombre Corporativo
Número de registros utilizados en: 6
001 - CONTROL NUMBER
- control field: 233
003 - CONTROL NUMBER IDENTIFIER
- control field: PE SENCICO BE
005 - DATE AND TIME OF LATEST TRANSACTION
- control field: 20260211205613.0
008 - FIXED-LENGTH DATA ELEMENTS
- fixed length control field: 260211|| aca||aabn | a|a d
040 ## - CATALOGING SOURCE
- Original cataloging agency: PE SENCICO BE
110 1# - ENCABEZADO--NOMBRE CORPORATIVO
- Nombre corporativo o nombre de la jurisdicción como elemento de entrada: Instituto de la Construcción y Gerencia